|
|
|
|
| LEADER |
02551nam a22004695i 4500 |
| 001 |
978-88-470-0498-6 |
| 003 |
DE-He213 |
| 005 |
20150519184412.0 |
| 007 |
cr nn 008mamaa |
| 008 |
100301s2006 it | s |||| 0|eng d |
| 020 |
|
|
|a 9788847004986
|9 978-88-470-0498-6
|
| 024 |
7 |
|
|a 10.1007/88-470-0498-5
|2 doi
|
| 040 |
|
|
|d GrThAP
|
| 050 |
|
4 |
|a RC681-688.2
|
| 072 |
|
7 |
|a MJD
|2 bicssc
|
| 072 |
|
7 |
|a MED010000
|2 bisacsh
|
| 082 |
0 |
4 |
|a 616.12
|2 23
|
| 245 |
1 |
0 |
|a Natriuretic Peptides
|h [electronic resource] :
|b The Hormones of the Heart /
|c edited by Aldo Clerico, Michele Emdin.
|
| 264 |
|
1 |
|a Milano :
|b Springer Milan,
|c 2006.
|
| 300 |
|
|
|a XIV, 184 p.
|b online resource.
|
| 336 |
|
|
|a text
|b txt
|2 rdacontent
|
| 337 |
|
|
|a computer
|b c
|2 rdamedia
|
| 338 |
|
|
|a online resource
|b cr
|2 rdacarrier
|
| 347 |
|
|
|a text file
|b PDF
|2 rda
|
| 505 |
0 |
|
|a Historical Background and Book Aim -- The Heart Complexity The Intrinsic Function (Intrinsic Regulation of Heart Rate and Mechanics) -- The Cardiac Natriuretic Hormone System -- Cardiac Natriuretic Hormones as Markers of Cardiovascular Disease: Methodological Aspects -- Clinical Considerations and Applications in Cardiac Diseases -- Clinical Applications in Extra-Cardiac Diseases -- Cardiac Natriuretic Hormone System as Target for Cardiovascular Therapy -- “Inconclusive” Remarks: Past, Present and Future of Natriuretic Peptides.
|
| 520 |
|
|
|a The rapid knowledge in the field of neuro-humoral regulation of cardiovascular pathophysiology is changing the picture of current diagnosis and treatment of cardiac patients. The emerging conceptual revolutionary idea is that heart acts not as a pump, merely, but as a "gland", that is as a regulator of circulatory homeostasis and salt-water balance. Cardiovascular pathophysiology has to be written, indeed, on this basis: this physiology textbook gives an up-to-date description of the complexity and novelty of actual knowledge, with all its potential clinical implications.
|
| 650 |
|
0 |
|a Medicine.
|
| 650 |
|
0 |
|a Cardiology.
|
| 650 |
|
0 |
|a Endocrinology.
|
| 650 |
|
0 |
|a Pathology.
|
| 650 |
1 |
4 |
|a Medicine & Public Health.
|
| 650 |
2 |
4 |
|a Cardiology.
|
| 650 |
2 |
4 |
|a Endocrinology.
|
| 650 |
2 |
4 |
|a Pathology.
|
| 700 |
1 |
|
|a Clerico, Aldo.
|e editor.
|
| 700 |
1 |
|
|a Emdin, Michele.
|e editor.
|
| 710 |
2 |
|
|a SpringerLink (Online service)
|
| 773 |
0 |
|
|t Springer eBooks
|
| 776 |
0 |
8 |
|i Printed edition:
|z 9788847004979
|
| 856 |
4 |
0 |
|u http://dx.doi.org/10.1007/88-470-0498-5
|z Full Text via HEAL-Link
|
| 912 |
|
|
|a ZDB-2-SME
|
| 950 |
|
|
|a Medicine (Springer-11650)
|